From detente to entente <an> alliancein transformation a greater Europe in creation

Gespeichert in:
Bibliographische Detailangaben
1. Verfasser: Eyskens, Mark
Format: Buch
Sprache:Englisch
Veröffentlicht: London Brassey's (UK) 1990
Schriftenreihe:Brassey's Atlantic comentaries no. 4
Schlagworte:
Tags: Tag hinzufügen
Keine Tags, Fügen Sie das erste Tag hinzu!

MARC

LEADER 00000nam a2200000 4500
001 c103091
005 20221123135320.6
020 |a 0-08-040731-5 
041 0 |a eng 
044 |a GB 
245 1 0 |a From detente to entente  |b <an> alliancein transformation a greater Europe in creation  |c Mark Eyskens 
264 1 |a London  |b Brassey's (UK)  |c 1990 
300 |a 77 s. 
490 1 |a Brassey's Atlantic comentaries  |v no. 4 
830 0 |a Brassey's Atlantic comentaries  |v no. 4 
610 2 0 |a Európa 
610 2 0 |a politika 
610 2 0 |a vláda 
610 2 0 |a politika svetová 
610 2 0 |a spolužitie mierové 
610 2 0 |a politika bezpečnostná 
610 2 0 |a politika svetová 
610 2 0 |a dohody medzinárodné 
100 1 |a Eyskens, Mark